Guess the Language - Statistics

General Stats
  • This quiz has been taken 58 times
  • The average score is 7 of 11
Answer Stats
Answer % Correct
A farinha de rosca é produzida de pão, seco ou torrado e depois moído. Portuguese
94%
肉類や野菜類などを挟んだもの(サンドウィッチ)も盛んに食べられている。甘いおやつ用のパン(菓子パン)もある。 Japanese
92%
Le pain que nous consommons aujourd’hui résulte d’un long cheminement agricole, technologique et gastronomique. French
90%
Под названием хлеб известны разного вида пищевые продукты, приготовленные из зерновой муки некоторых злаков и служащие важнейшей составной частью народного продовольствия. Russian
90%
Die meisten Brotteige können auch in Form kleinerer, etwa handtellergroßer Portionen als Brötchen gebacken werden. German
88%
הוא מאפה רך המתקבל מאפייה (ולעיתים מבישול או מטיגון) של בצק, לרוב בצק שהותפח על ידי שמרים. Hebrew
78%
Brød er en gruppe af basale fødevarer der bliver fremstillet ved bagning eller stegning. Danish
58%
Brood is 'n stapelvoedsel van kulture in Europa, Indië en die Midde-Ooste en word voorberei deur deeg te bak, te stoom of te braai. Afrikaans
40%
பகல் உணவுடன் பல வடிவங்களில் உரொட்டிகள் சேர்த்துக் கொள்ளப்படுகின்றன. Tamil
38%
An Europa gëtt et mat am meeschte verschidden Zorte Brout. Eleng beim däitsche Bäckereiverband sinn iwwer 300 Zorte registréiert. Luxembourgish
22%
Non – qadim-qadimdan ulugʻlanib, insonning kundalik isteʼmolida muqaddas, aziz hisoblangan neʼmat. Uzbek
16%
No matching quizzes found
Score Distribution
Percent of People with Each Score
Percentile by Number Answered
Your Score History
You have not taken this quiz